La selva de los Aratams / (Registro nro. 11384)

Detalles MARC
000 -LEADER
fixed length control field 00752cam a22002893a 4500
001 - CONTROL NUMBER
control field 0000675
003 - CONTROL NUMBER IDENTIFIER
control field DO-SdBNP
005 - DATE AND TIME OF LATEST TRANSACTION
control field 20180207112823.0
007 - PHYSICAL DESCRIPTION FIXED FIELD--GENERAL INFORMATION
fixed length control field 0000675
008 - FIXED-LENGTH DATA ELEMENTS--GENERAL INFORMATION
fixed length control field 861112 1992 sp 000 0 spa d
010 ## - LIBRARY OF CONGRESS CONTROL NUMBER
LC control number
020 ## - INTERNATIONAL STANDARD BOOK NUMBER
International Standard Book Number 843483698X
040 ## - CATALOGING SOURCE
Original cataloging agency BPMSU
Transcribing agency spa
Modifying agency BPMSU
--
100 1# - MAIN ENTRY--PERSONAL NAME
Personal name Carranza, Maite
240 13 - UNIFORM TITLE
Uniform title <a href="La nit dels aratams">La nit dels aratams</a>
Language of a work cat.
245 13 - TITLE STATEMENT
Title La selva de los Aratams /
Statement of responsibility, etc. Maite Carranza.
260 ## - PUBLICATION, DISTRIBUTION, ETC. (IMPRINT)
Place of publication, distribution, etc. Madrid :
Name of publisher, distributor, etc. SM,
Date of publication, distribution, etc. 1992.
300 ## - PHYSICAL DESCRIPTION
Extent 175 p. ;
Dimensions 21 cm.
490 1# - SERIES STATEMENT
Series statement Gran angular
Volume/sequential designation 118
586 ## - AWARDS NOTE
Awards note Premio Joaquín Ruyra, 1989
600 00 - SUBJECT ADDED ENTRY--PERSONAL NAME
Personal name
General subdivision
700 12 - ADDED ENTRY--PERSONAL NAME
Personal name Carranza, Maite
Relator term trad.
830 #0 - SERIES ADDED ENTRY--UNIFORM TITLE
Uniform title Gran angular
Number of part/section of a work 118
942 ## - ADDED ENTRY ELEMENTS (KOHA)
Source of classification or shelving scheme Dewey Decimal Classification
Koha item type Libros
945 ## - LOCAL PROCESSING INFORMATION (OCLC)
a Inventariado, 2018 /LP
956 ## - LOCAL ELECTRONIC LOCATION AND ACCESS (OCLC)
Access method YLOCKWARD
Materials specified 10
Field link and sequence number BPMSU
Existencias
Withdrawn status Lost status Source of classification or shelving scheme Damaged status Not for loan Collection code Home library Current library Date acquired Source of acquisition Total Checkouts Barcode Date last seen Price effective from Koha item type
    Dewey Decimal Classification     Colección General Biblioteca Pública Metropolitana Salomé Ureña Biblioteca Pública Metropolitana Salomé Ureña 09/14/2016 Fundi   BPMSU16090296 09/14/2016 09/14/2016 Libros